000 00792cam a22002653a 4500
001 452
003 PGUSA
005 20140828082948.0
008 960301s1996||||xxu|||||s|||||000 1 eng d
040 _aPGUSA
_beng
042 _adc
050 4 _aPR
100 1 _aBorrow, George,
_d1803-1881
245 1 0 _aLavengro :
_bThe Scholar, the Gypsy, the Priest
_h[electronic resource] /
_cGeorge Borrow
260 _bProject Gutenberg,
_c1996
506 _aPublic domain in the USA.
516 _aElectronic text
653 _aEngland -- Fiction
653 _aRomanies -- Fiction
700 1 _aSullivan, Edmund J.
_q(Edmund Joseph),
_d1869-1933
700 1 _aBirrell, Augustine,
_d1850-1933
830 0 _aProject Gutenberg
_v452
856 4 0 _uhttp://www.gutenberg.org/ebooks/452
942 _cEB
999 _c229803
_d229803